An Introduction To Python (Record no. 50828)
[ view plain ]
| 000 -LEADER | |
|---|---|
| fixed length control field | nam a22 7a 4500 |
| 003 - CONTROL NUMBER IDENTIFIER | |
| control field | OSt |
| 005 - DATE AND TIME OF LATEST TRANSACTION | |
| control field | 20210611142121.0 |
| 008 - FIXED-LENGTH DATA ELEMENTS--GENERAL INFORMATION | |
| fixed length control field | 210611b xxu||||| |||| 00| 0 eng d |
| 040 ## - CATALOGING SOURCE | |
| Transcribing agency | Serosoft |
| 100 ## - MAIN ENTRY--PERSONAL NAME | |
| Personal name | Rossum Guido Van |
| 245 ## - TITLE STATEMENT | |
| Title | An Introduction To Python |
| 260 ## - PUBLICATION, DISTRIBUTION, ETC. | |
| Place of publication, distribution, etc. | Mumbai |
| Name of publisher, distributor, etc. | SPD |
| 300 ## - PHYSICAL DESCRIPTION | |
| Extent | 153 |
| 365 ## - TRADE PRICE | |
| Price amount | 475 |
| 942 ## - ADDED ENTRY ELEMENTS (KOHA) | |
| Source of classification or shelving scheme | |
| Koha item type | Book Bank |
| Withdrawn status | Lost status | Source of classification or shelving scheme | Damaged status | Not for loan | Home library | Current library | Date acquired | Cost, normal purchase price | Total Checkouts | Barcode | Date last seen | Price effective from | Koha item type | Date last checked out |
|---|---|---|---|---|---|---|---|---|---|---|---|---|---|---|
| IIMT Engineering College-BTech | IIMT Engineering College-BTech | 06/11/2021 | 475.00 | 06-B-64827 | 06/11/2021 | 06/11/2021 | Book Bank | |||||||
| IIMT Engineering College-BTech | IIMT Engineering College-BTech | 06/11/2021 | 475.00 | 2 | 06-B-64828 | 03/30/2024 | 06/11/2021 | Book Bank | 11/16/2023 |

